000 00486 a2200169 4500
999 _c4567
_d4567
010 _aENG-86448
020 _a0143100831
_c250.00
035 _aEN-69981
037 _bDBAD / PUB
082 1 4 _aN
100 1 _aShiv K. Kumar
245 1 _aTwo mirrors at the ashram /
_cby Shiv K. Kumar
260 _aNew Delhi
_bPenguin Books
_c2006
270 _a11, Community Centre, Panchsheel Park
_bNew Delhi
_cWest Bengal
_e110 017
300 _a223 p.
_c20cm (Pbk)
942 _adpl
_cEN
_2ddc
_hN
_mSHI